Estadísticas para Prueba de Noruega

Haz click aquí para tomar la prueba!

Estadísticas generales

  • Esta prueba ha sido tomada 600 veces
  • La puntuación promedio es 12 de 24

Estadísticas de respuestas

PistaRespuesta% Correcto
CapitalOslo
99%
Países limítrofesSuecia
97%
Países limítrofesFinlandia
96%
Países limítrofesRusia
93%
Mar entre Noruega y Gran BretañaMar del Norte
80%
La mayor exportaciónPetróleo
68%
La palabra para una larga y estrecha ensenada oceánicaFiordo
63%
Pintor de "El Grito"Edvard Munch
61%
La segunda ciudad más pobladaBergen
59%
Fundador del primer asentamiento nórdico en Groenlandia{Erik} el Rojo
57%
Los apellidos más comunes{Ol}sen
41%
La primera persona en llegar al Polo SurRoald Amundsen
36%
La cadena de islas noruegas en el extremo norteSvalbard
35%
Los apellidos más comunes{Han}sen
30%
Palabra de cuatro letras para una historia épica de la era vikingaSaga
30%
El deporte del esquí y el tiro con rifleBiatlón
28%
Los apellidos más comunes{Johan}sen
28%
El dramaturgo de “Casa de muñecas”Henrik Ibsen
27%
Ciudad anfitriona de los Juegos Olímpicos de Invierno de 1994Lillehammer
27%
Los apellidos más comunes{Ander}sen
26%
Los apellidos más comunes{Lar}sen
25%
La ciudad más septentrional del mundo con una población de más de 10.000 habitantesHammerfest
20%
Plato tradicional de pescado que se envejece en lejíaLutefisk
14%
3 veces campeón olímpico de patinaje artísticoSonja Henie
13%

Distribución de puntuación

Porcentaje por número respondido

Porcentaje de gente con cada puntuación

Historial de tus puntuaciones

No has tomado esta prueba